000 00654cam a2200229 4500
001 M2199
008 090401t1996 xxu||||| |||| 00| 0 eng d
035 _a(Sirsi) u37137
041 _aeng
050 _a365.8
_c18
090 _aRICS 1996/85ABCD
110 _aRoyal Institution of Chartered Surveyors
_94900
245 _aProfessional indemnity insurance
_bthe market and your options
260 _aLondon
_bRICS
_c1996
300 _a1 folded sheet
_c30x19cm .
350 _a0
520 _aSUPERSEDED by 2nd edition (E11606) 1999
650 _aPROFESSIONAL INDEMNITY INSURANCE
690 _aINSURANCE
_96249
942 _n0
948 _c04/03/1997
999 _c90442
_d90442